000
00219nam a22000857a 4500
008
170620b xxu||||| |||| 00| 0 eng d
100
_9
3587
_a
Dahanukar. S. V. T
245
_a
A drug is born
260
_a
New delhi
_b
N. B. T
_c
2000
999
_c
6973
_d
6973